[Event "Benidorm 2013 - Nuevas Generaciones s16"]
[Site "Benidorm ESP"]
[Date "2013.12.08"]
[Round "6.4"]
[White "Gonzalez Saez, Jose Miguel"]
[Black "Gonzalez Fernandez, Pedro"]
[Result "0-1"]
[WhiteElo "1658"]
[BlackElo "1857"]
[PlyCount "116"]
[EventDate "2013.12.05"]
[EventType "swiss"]
[EventRounds "6"]
[EventCountry "ESP"]
[Source "lmi"]
[SourceDate "2013.12.05"]
[WhiteClock "0:23:51"]
[BlackClock "0:04:46"]

1. e4 e5 2. Nf3 Nc6 3. d4 exd4 4. Nxd4 Qh4 5. Nc3 Bb4 6. Ndb5 Qxe4+ 7. Qe2
Qxe2+ 8. Bxe2 Kd8 9. Bf4 d6 10. Bc4 a6 11. Nxd6 cxd6 12. Bxf7 Nge7 13. Bb3 Nd4
14. O-O-O Bxc3 15. Bxd6 Nxb3+ 16. axb3 Bf6 17. Rhe1 Ke8 18. Rxe7+ Bxe7 19. Re1
Kd7 20. Bxe7 Re8 21. Bb4 Rxe1+ 22. Bxe1 Ke8 23. Bc3 Kf7 24. Kd2 Bf5 25. Bd4 Rc8
26. c3 Rc6 27. Ke3 Re6+ 28. Kd2 Rh6 29. Be5 Ke6 30. Bf4 Rf6 31. Be3 Kd7 32. g3
Bg4 33. h4 Rf5 34. b4 a5 35. bxa5 Rxa5 36. b4 Ra1 37. Kd3 Kc6 38. Bd4 Bf5+ 39.
Ke3 g6 40. Kf4 Re1 41. Kg5 b5 42. Kh6 Re7 43. Bc5 Rf7 44. Bd4 Kd5 45. Bc5 Kc4
46. Bd4 Rd7 47. Be5 Re7 48. Bf6 Rf7 49. Bd4 Kb3 50. Be5 Re7 51. Bd4 Rc7 52. Bc5
Kxc3 53. f3 Rxc5 54. bxc5 b4 55. g4 Be6 56. Kxh7 b3 57. Kxg6 b2 58. f4 Bxg4 0-1